000 00613nam a2200217Ia 4500
005 20241129110247.0
008 241129s9999||||xx |||||||||||||| ||und||
020 _a978-93-83282-85-2
037 _aTB
040 _aARTS
_beng
_cARTS
041 _aeng
_2urd
084 _aNW44 168Q2
_qARTS
100 _aJawed Hamid Au.
_9727609
245 0 _aHamari filmon ke chand satoon
_cJawed Hamid Au.
260 _aDelhi, India
_bM. R. Publications
_c2014
300 _a200p.
365 _aINR
_b200
650 _aArtsMotion Pictures-India
_9727610
942 _cTB
_hNW44 168Q2
999 _c1227935
_d1227935